<?xml version="1.0" encoding="UTF-8"?>
<marc:record xmlns:marc="http://www.loc.gov/MARC21/slim">
   <marc:leader>00000nam a2200000 a 4500</marc:leader>
   <marc:datafield ind1="1" ind2=" " tag="100">
      <marc:subfield code="a">Andresen, Ina</marc:subfield>
      <marc:subfield code="4">aut</marc:subfield>
      <marc:subfield code="e">Verfasser/-in</marc:subfield>
   </marc:datafield>
   <marc:datafield ind1=" " ind2=" " tag="653">
      <marc:subfield code="a">Nähen</marc:subfield>
   </marc:datafield>
   <marc:datafield ind1="0" ind2="0" tag="245">
      <marc:subfield code="a">Näh mit!</marc:subfield>
   </marc:datafield>
   <marc:datafield ind1="0" ind2="0" tag="245">
      <marc:subfield code="c">Ina Andresen</marc:subfield>
   </marc:datafield>
   <marc:datafield ind1=" " ind2="1" tag="264">
      <marc:subfield code="a">Stuttgart</marc:subfield>
      <marc:subfield code="b">frechverlag GmbH</marc:subfield>
      <marc:subfield code="c">2018</marc:subfield>
   </marc:datafield>
   <marc:datafield ind1="1" ind2=" " tag="520">
      <marc:subfield code="a">Angaben aus der Verlagsmeldung

Näh mit! Das Ideenbuch : Tolle Nähideen für Kinder ab 7 Jahren / von Ina Andresen

Viele neue Ideen für nähbegeisterte Kinder! In diesem Nähbuch für Mädchen und Jungen ab 7 Jahren stecken zahlreiche tolle Ideen für das nächste Nähprojekt. Mit einem Grundlagenteil und Tipps und Tricks, wie die häufigsten Anfängerfehler vermieden werden können, ist man für alle kommenden Nähprojekte gewappnet. Egal ob als Näh-Anfänger oder Nähmaschinen-Profi, hier gibt es für alle tolle Projekte für Freizeit, Schule und zum Verschenken. Von einem praktischen Turnbeutel, über ein ausgefallenes Donutkissen bis hin zum Faultier-Kuscheltier findet hier jeder sein nächstes Lieblingsprojekt.
</marc:subfield>
   </marc:datafield>
   <marc:datafield ind1=" " ind2=" " tag="020">
      <marc:subfield code="a">9783772478772</marc:subfield>
      <marc:subfield code="9">9783772478772</marc:subfield>
   </marc:datafield>
   <marc:datafield ind1=" " ind2=" " tag="020">
      <marc:subfield code="a">3772478778</marc:subfield>
      <marc:subfield code="9">3772478778</marc:subfield>
   </marc:datafield>
   <marc:datafield ind1=" " ind2=" " tag="041">
      <marc:subfield code="a">ger</marc:subfield>
   </marc:datafield>
   <marc:datafield ind1=" " ind2=" " tag="300">
      <marc:subfield code="a">127 Seiten</marc:subfield>
   </marc:datafield>
</marc:record>
